Statistiken für Bundesliga: Schnellste Spieler

Klicken Sie hier um das Quiz zu spielen!

Allgemein

  • Dieses Quiz wurde 361 mal gespielt
    (36 seit der letzten Aktualisierung)
  • Das Durchschnittsergebnis liegt bei 10 aus 30

Antwortstatistiken

Top-Speed
(km/h)
VereinSpieler% Korrekt
35,97BayernAlphonso Davies
89%
34,62DortmundKarim Adeyemi
79%
35,96LeverkusenJeremie Frimpong
75%
35,82BayernLeroy Sane
68%
35,97UnionSheraldo Becker
54%
35,97StuttgartSilas Katompa Mvumpa
54%
34,93BayernKingsley Coman
50%
35,3BayernMathys Tel
46%
35,45HoffenheimMaximilian Beier
46%
35,97HeidenheimEren Dinkci
43%
35,81LeverkusenJonathan Tah
36%
35,68LeipzigLois Openda
36%
35,02BayernDayot Upamecano
32%
34,83DortmundDonyell Malen
32%
35,77FrankfurtOmar Marmoush
32%
34,72BremenJustin Njinmah
29%
35,47GladbachNathan Ngoumou
25%
34,95LeverkusenOdilon Kossounou
21%
35,57KölnLinton Maina
18%
35,15DortmundEmre Can
14%
34,73DortmundFelix Nmecha
14%
34,69DarmstadtTim Skarke
14%
35,22FrankfurtAnsgar Knauff
11%
34,9LeipzigDavid Raum
11%
34,8UnionDavid Datro Fofana
7%
34,95KölnDavie Selke
7%
34,68FrankfurtAurelio Buta
4%
34,76MainzDominik Kohr
4%
35,42HoffenheimMarius Bülter
4%
34,78MainzSepp van den Bergh
0%

Verteilung der Resultate

Perzentil nach korrekt beantworteten Fragen

Anzahl Personen mit jedem Resultat

Ihre Resultats-Entwicklung

Sie haben dieses Quiz seit der letzten Aktualisierung nicht gespielt